El Municipio español : revista técnica mensual / revista técnica mensual /
Descripción Física:
1 vol. ; 28 pàgs. ; il·lustracions b/n ; periodicitat: mensual ; 32 cm
Idioma:
Español
MARC
| LEADER | 00000nas a2200000 a 4500 | ||
|---|---|---|---|
| 001 | 28116 | ||
| 003 | AGDB | ||
| 005 | 20260324180140.0 | ||
| 008 | 160829s1932 xx 000 0 cat d | ||
| 040 | |a agdb |b cat | ||
| 041 | |a spa | ||
| 080 | |a Revistes | ||
| 245 | |a El Municipio español : |b revista técnica mensual / |c Órgano Oficial del Instituto de Estudios Municipalistas de España | ||
| 260 | |a Madrid : |b Instituto de Estudios Municipalistas de España ; |c [1927- ] | ||
| 300 | |a 1 vol. ; 28 pàgs. ; |b il·lustracions b/n ; periodicitat: mensual ; |c 32 cm | ||
| 500 | |a Descripció basada en: Año 6, No. 64 (sept. 1932). | ||
| 590 | |a Prové de OPP-2025 | ||
| 650 | 0 | |a Administració local |z Espanya |v Revistes |9 39429 | |
| 655 | 0 | |9 55823 |a Revistes | |
| 710 | 2 | |a Instituto de Estudios Municipalistas de España |9 71162 | |
| 866 | |a Any 6, 1932 (64) | ||
| 901 | |a Arxiu | ||
| 942 | |n 1 |2 udc |c REV | ||
| 952 | |0 0 |1 0 |4 0 |6 REV2238 |7 1 |9 54159 |a Arxiu |b Arxiu |d 2023-08-01 |h Any 6, núm. 64 (setembre 1932) |o Rev-2238 |p 28116 |r 2016-12-01 00:00:00 |w 2016-12-01 |y ARXIU | ||
| 999 | |c 58028 |d 58028 | ||